Principles of Psychological Measurement (Record no. 351664)

000 -LEADER
fixed length control field 00501nam a22001817a 4500
003 - CONTROL NUMBER IDENTIFIER
control field OSt
005 - DATE AND TIME OF LATEST TRANSACTION
control field 20180116183052.0
008 - FIXED-LENGTH DATA ELEMENTS--GENERAL INFORMATION
fixed length control field 160830b xxu||||| |||| 00| 0 eng d
022 ## - INTERNATIONAL STANDARD SERIAL NUMBER
Source 0
040 ## - CATALOGING SOURCE
Transcribing agency 0
082 ## - DEWEY DECIMAL CLASSIFICATION NUMBER
Classification number 151.5 HEL 1964
100 ## - MAIN ENTRY--PERSONAL NAME
Personal name Helmstadter ,G.C
245 ## - TITLE STATEMENT
Title Principles of Psychological Measurement
Statement of responsibility, etc. G.C.Helmstadter
260 ## - PUBLICATION, DISTRIBUTION, ETC.
Place of publication, distribution, etc. New York
Name of publisher, distributor, etc. Appleton-Century-Crofts
Date of publication, distribution, etc. 1964
300 ## - PHYSICAL DESCRIPTION
Extent 248 p.
Other physical details Photo copy
440 ## - SERIES STATEMENT/ADDED ENTRY--TITLE
Title Principles of Psychological Measurement
942 ## - ADDED ENTRY ELEMENTS (KOHA)
Source of classification or shelving scheme
Koha item type Book
Holdings
Withdrawn status Lost status Source of classification or shelving scheme Damaged status Not for loan Collection code Permanent Location Current Location Shelving location Date acquired Total Checkouts Full call number Barcode Date last seen Price effective from Koha item type
            Central Library (CL) Central Library (CL) General Stacks 08/30/2016   151.5 HEL 1964 NBSP-273 08/30/2016 08/30/2016 Book
© 2023 Central Library, National University of Sciences and Technology. All Rights Reserved.